"Život mi organizujú druhí" sú spolu štrnásť rokov, sedem ako manželia. úspešná právnička a obľúbený slovenský herec

Bibliographic Details
Main Authors: Vargová, Eva (redaktorka) (Author, Interviewer), Kramár, Maroš, 1959- (Author), Kramárová-Nikitinová, Nataša (Author)
Format: Article
Language:Slovak
PhysicalDescription:Obr.
ISSN:1335-2776
Subjects:

MARC

LEADER 00000nab a2200000 a 4500
001 vtls008998692
003 SK-MaSNL
005 20260303065854.0
008 070613|2007 xo wrz r 000 0 slo
015 |a SNBRB2007/06  |2 kevkjb 
038 |a KEVKJB 
040 |a KEVKJB  |b slo  |c KEVKJB  |e AACR2 
041 0 |a slo 
044 |a xo  |c SK 
080 |a 792.071.2  |2 2001 
080 |a 347.96-051  |2 2001 
080 |a 929 Kramár, Maroš  |2 2001 
080 |a 929 Kramárová-Nikitinová, Nataša  |2 2001 
100 1 |a Vargová, Eva  |c (redaktorka)  |4 ivr  |4 aut  |9 6967 
245 1 0 |a "Život mi organizujú druhí"  |b sú spolu štrnásť rokov, sedem ako manželia. úspešná právnička a obľúbený slovenský herec  |c Eva Vargová, Maroš Kramár, Nataša Nikitinová 
300 |b Obr. 
600 1 7 |a Kramár, Maroš,  |d 1959-  |2 kevkjb  |9 202871 
600 1 7 |a Kramárová-Nikitinová, Nataša  |2 kevkjb  |9 1041026 
655 7 |a rozhovory  |2 kevkjb  |9 31831 
700 1 |a Kramár, Maroš,  |d 1959-  |4 ive  |4 aut  |9 202871 
700 1 |a Kramárová-Nikitinová, Nataša  |4 ive  |4 aut  |9 1041026 
773 0 |t Markíza  |g Roč. X, č. 24 (2007), s. 6-10  |x 1335-2776 
852 |a KEVKJB  |b KIS3GCP 
958 |a BX 
999 |c 1753066  |d 1754996